| 000 | 01077cac a2200337 i 4500 | ||
|---|---|---|---|
| 003 | EG-GICUC | ||
| 005 | 20260121101538.0 | ||
| 008 | 070425s1994 enk frb 001 0 eng d | ||
| 020 | _a027360306X | ||
| 020 | _a9780415424615 | ||
| 020 | _a9780273603061 | ||
| 040 |
_aDLC _cDLC _dBTCTA _dBAKER _dBWKUK _dBWK _dYDXCP _dOCLNG _dDLC _dEG-GICUC _beng _erda |
||
| 043 | _ae-uk-en | ||
| 050 | 0 | 0 |
_aKD7869 _b.M64 2008 |
| 082 | 0 | 0 |
_a343.1 _221 |
| 092 | 0 | 4 | _221 |
| 099 | _aLaw 10 1994 | ||
| 100 | 1 | _aMolan, Michael T. | |
| 245 | 1 | 0 |
_aCases and materials on criminal law / _cMike Molan. |
| 250 | _a4th edition. | ||
| 264 |
_aLondon ; _aNew York : _bRoutledge-Cavendish, _c1994. |
||
| 300 |
_axxvi, 383. page ; _c25 cm. |
||
| 336 |
_atext _btxt _2rdacontent |
||
| 337 |
_aunmediated _bn _2rdamedia |
||
| 338 |
_avolume _bnc _2rdacarrier |
||
| 650 | 0 |
_aCriminal law _zEngland. |
|
| 856 | 4 | 1 | _uhttps://fll.law.cu.edu.eg/fulltext/bks/ENGB10-00088.pdf |
| 856 | 4 | 1 |
_3Table of contents only _uhttp://www.loc.gov/catdir/toc/ecip0716/2007017482.html |
| 905 | _a10 | ||
| 942 |
_2ddc _cBK _e21 _n0 |
||
| 999 |
_c52524 _d52524 |
||